| 000 -LEADER |
| fixed length control field |
00780nam a22001937a 4500 |
| 001 - CONTROL NUMBER |
| control field |
11016 |
| 003 - CONTROL NUMBER IDENTIFIER |
| control field |
BD-DhUAP |
| 005 - DATE AND TIME OF LATEST TRANSACTION |
| control field |
20200206142252.0 |
| 008 - FIXED-LENGTH DATA ELEMENTS--GENERAL INFORMATION |
| fixed length control field |
200206s2007 bg ||||| |||| 00| 0 bend |
| 040 ## - CATALOGING SOURCE |
| Original cataloging agency |
BD-DhUAP |
| Language of cataloging |
Ben |
| Transcribing agency |
BD-DhUAP |
| Modifying agency |
BD-DhUAP |
| 082 ## - DEWEY DECIMAL CLASSIFICATION NUMBER |
| Edition number |
23 |
| Classification number |
348.5492022 BAN |
| 245 ## - TITLE STATEMENT |
| Title |
বাংলাদেশ কোড : |
| Remainder of title |
২০০৩ সনের ৩২ নং আইন হইতে ২০০৫ সনের ২৮ নং আইন পর্যন্ত। |
| 260 ## - PUBLICATION, DISTRIBUTION, ETC. |
| Place of publication, distribution, etc. |
ঢাকা : |
| Name of publisher, distributor, etc. |
আইন, বিচার ও সংসদ বিষয়ক মন্ত্রণালয়, |
| Date of publication, distribution, etc. |
২০০৭। |
| 300 ## - PHYSICAL DESCRIPTION |
| Extent |
খণ্ড ; |
| Dimensions |
২৪ সেমি.। |
| 505 ## - FORMATTED CONTENTS NOTE |
| Formatted contents note |
খণ্ড ৩৬-- |
| 650 ## - SUBJECT ADDED ENTRY--TOPICAL TERM |
| Topical term or geographic name entry element |
Law |
| Geographic subdivision |
Bangladesh. |
| 710 ## - ADDED ENTRY--CORPORATE NAME |
| Corporate name or jurisdiction name as entry element |
Bangladesh. |
| 942 ## - ADDED ENTRY ELEMENTS (KOHA) |
| Source of classification or shelving scheme |
|
| Koha item type |
Book |